000 00362nam a2200145Ia 4500
008 221007s9999 xx 000 0 und d
020 _a1-84013-719-3
041 _aeng
082 _a920.71
_bYOG
100 _aYogananda P
_929871
245 _aAutobiography of A Yogi
260 _c2004
_bParamahans Yoganand
_aNew York
300 _a375p
906 _a35
_bGeneral
999 _c62004
_d62004